Matrix mechanics /

Bibliographic Details
Main Author: Green, Herbert S.
Format: Book
Language:English
Published: Groningen : P. Noordhoff, 1965.
Subjects:

MARC

Tag First Indicator Second Indicator Subfields
LEADER 00000cam a2200000 4500
001 in00000047374
005 20151007071441.0
008 720125s1965 ne b 00010 eng u
010 |a  65002040  
035 |a (OCoLC)00227661 
035 |9 AAE5995AM 
040 |c AKR  |d TXA  |d UtOrBLW 
049 |a TXAM  |c [451876] 
050 0 |a QC174.3  |b .G7 
092 |a 530.122  |b G796m, 1965 
100 1 |a Green, Herbert S. 
245 1 0 |a Matrix mechanics /  |c [by] H.S. Green, with a foreword by Max Born. 
264 1 |a Groningen :  |b P. Noordhoff,  |c 1965. 
300 |a 118 pages ;  |c 22 cm. 
336 |a text  |b txt  |2 rdacontent 
337 |a unmediated  |b n  |2 rdamedia 
338 |a volume  |b nc  |2 rdacarrier 
504 |a Bibliography: page 118. 
650 0 |a Matrix mechanics. 
999 |a MARS 
999 f f |s 0df227c8-ca98-3cc4-b8ba-47e115cc7892  |i ab46bb7d-1c30-3ef6-9c7b-4367b5aef879  |t 0 
952 f f |p normal  |a Texas A&M University  |b College Station  |c Sterling C. Evans Library  |d Evans: Library Stacks  |t 0  |e QC174.3 .G7  |h Library of Congress classification  |i unmediated -- volume  |m A14800910244 
998 f f |a QC174.3 .G7  |t 0  |l Evans: Library Stacks